A-Z Die meist gesprochenen Sprachen - Statistiken

Allgemein
  • Dieses Quiz wurde 745 mal gespielt
  • Das Durchschnittsergebnis liegt bei 11 aus 26
Antwortstatistiken
Buchstabe Sprache % Korrekt
D Deutsch
98%
E Englisch
97%
F Französisch
93%
C Chinesisch (Mandarin)
92%
S Spanisch
90%
R Russisch
85%
A Arabisch
82%
J Japanisch
76%
P Portugiesisch
72%
H Hindi (Indisch)
62%
N Niederländisch
42%
I Indonesisch
38%
V Vietnamesisch
33%
U Urdu (Pakistanisch)
23%
B Bengalisch
21%
K Kantonesisch
10%
Q Quechua
9%
W Wu
8%
L Laotisch
7%
G Gujarati
5%
T Telugu
5%
Y Yoruba
5%
M Marathi
4%
O Odia/Oriya
2%
X Xiang
2%
Z Zhuang
1%
Keine übereinstimmenden Quizze gefunden
Verteilung der Resultate
Anzahl Personen mit jedem Resultat
Perzentil nach korrekt beantworteten Fragen
Ihre Resultats-Entwicklung
Sie haben dieses Quiz noch nicht gespielt